<?xml version="1.0" encoding="UTF-8"?><collection xmlns="info:lc/xmlns/marcxchange-v2"><record format="Unimarc" type="bibliographic"><leader>00745nam  2200217   450 </leader><controlfield tag="001">2191305</controlfield><controlfield tag="003">http://id.bnportugal.gov.pt/bib/porbase/2191305</controlfield><datafield ind1=" " ind2=" " tag="010"><subfield code="a">0-415-93695-0</subfield><subfield code="b">brochado</subfield><subfield code="d">compra</subfield></datafield><datafield ind1=" " ind2=" " tag="035"><subfield code="a">UNLCSH_BC_150.iso/06-07-2009/63703</subfield></datafield><datafield ind1=" " ind2=" " tag="035"><subfield code="a">UNLCSH20081023110252</subfield></datafield><datafield ind1=" " ind2=" " tag="100"><subfield code="a">20081023d2002    k  y0porb0103    ba</subfield></datafield><datafield ind1="0" ind2=" " tag="101"><subfield code="a">eng</subfield></datafield><datafield ind1=" " ind2=" " tag="102"><subfield code="a">US</subfield></datafield><datafield ind1="1" ind2=" " tag="200"><subfield code="a">Brazilian popular music &amp; globalization</subfield><subfield code="f">edited by Charles A. Perrone &amp; Christopher Dunn</subfield></datafield><datafield ind1=" " ind2=" " tag="210"><subfield code="a">New York</subfield><subfield code="c">Routledge</subfield><subfield code="d">2002</subfield></datafield><datafield ind1=" " ind2=" " tag="215"><subfield code="a">XII, 288 p.</subfield><subfield code="c">il.</subfield><subfield code="d">23 cm</subfield></datafield><datafield ind1=" " ind2=" " tag="300"><subfield code="a">Contém índice</subfield></datafield><datafield ind1="1" ind2=" " tag="517"><subfield code="a">Brazilian popular music and globalization</subfield></datafield><datafield ind1=" " ind2=" " tag="675"><subfield code="a">78.06(=1.81)(042)</subfield><subfield code="v">BN</subfield><subfield code="z">por</subfield></datafield><datafield ind1=" " ind2="1" tag="702"><subfield code="a">Perrone</subfield><subfield code="b">Charles</subfield><subfield code="4">340</subfield></datafield><datafield ind1=" " ind2="1" tag="702"><subfield code="a">Dunn</subfield><subfield code="b">Christopher</subfield><subfield code="f">1964-</subfield><subfield code="4">340</subfield></datafield><datafield ind1=" " ind2="0" tag="801"><subfield code="a">PT</subfield><subfield code="b">UNLCSH</subfield><subfield code="g">RPC</subfield></datafield></record></collection>